01528cam a2200361 i 450000100090000000300040000900500170001300800410003001000170007102000310008802000310011902000260015004000280017604200080020405000250021208200210023710000270025824501240028525000190040926400610042830000270048933600260051633700280054233800270057050400410059752002140063865000210085265000250087365000180089870000310091670000500094777601690099721551393OSt20230918153012.0200604s2021 cau b 001 0 eng  a 2020024900 a9781523091256q(paperback) z9781523091263q(adobe pdf) z9781523091270q(epub) aDLCbengcDLCerdadDLC apcc00aBF637.P76bT735 202100a371.30281bTRA/E1 aTracy, Brian,eauthor.10aEat that frog! for students :b22 ways to stop procrastinating and excel in school /cBrian Tracy with Anna Leinberger. aFirst edition. 1aOakland, CA :bBerrett-Koehler Publishers, Inc.,c[2021] axi, 172 pages ;c22 cm atextbtxt2rdacontent aunmediatedbn2rdamedia avolumebnc2rdacarrier aIncludes bibliographical references. a"Adapted from Brian Tracy's international time-management bestseller, Eat That Frog!, this book will give today's stressed-out and overwhelmed students the tools for lifelong success"--cProvided by publisher. 0aProcrastination. 0aLearning strategies. 0aStudy skills.1 aLeinberger, Anna,eauthor.1 aTracy, Brian.tEat that frog!iAdaptation of:08iOnline version:aTracy, Brian.tEat that frog! for studentsbFirst edition.dOakland, CA : Berrett-Koehler Publishers, Inc., [2020]z9781523091263w(DLC) 2020024901